00700nam a2200217Ia 4500003000900000008004100009040001300050040001300063041000800076100002900084245008300113250001400196260001500210260000900225300001000234300001000244490000600254942000700260999001700267952019800284IT-RoPAU120407s9999 xx 000 0 und d aIT-RoPAU cIT-RoPAU aita aJean-Marie Roger Tillard aObbedienza ed autorità€ nelle vita religiosa. Meditazioni teologiche. 3. ed.  aBrescia  aQueriniana c1969 a95 p. c21 cm v1 cBK c37325d37325 00102ddc406208_39120000000000071aPAULUSbPAULUSd2012-04-11l0o208.3912r2012-04-11 00:00:00w2012-04-11yBKzInserito da: Anna In data: 05 ottobre 2011 fondo: Via A.Severo 56 Progr:27614